Подробности
| 000 -МАРКЕР |
| контрольное поле |
02601nam0a22004211 4500 |
| 001 - ИДЕНТИФИКАТОР ЗАПИСИ |
| контрольное поле |
RU\NLR\A1\23295 |
| 005 - ИДЕНТИФИКАТОР ВЕРСИИ |
| контрольное поле |
20251203152403.2 |
| 035 ## - ДРУГИЕ СИСТЕМНЫЕ НОМЕРА |
| Идентификатор записи |
(NLR Aleph) 009677756 |
| 100 ## - ДАННЫЕ ОБЩЕЙ ОБРАБОТКИ |
| Данные общей обработки |
19990908d1787 u y0rusy50 ca |
| 101 1# - ЯЗЫК РЕСУРСА |
| Язык текста, звукозаписи и т.д. |
русский |
| Язык оригинала |
французский |
| 102 ## - СТРАНА ПУБЛИКАЦИИ ИЛИ ПРОИЗВОДСТВА |
| Страна публикации |
Российская Федерация |
| 200 1# - ЗАГЛАВИЕ И СВЕДЕНИЯ ОБ ОТВЕТСТВЕННОСТИ |
| Основное заглавие |
Феаген и Смарагда, африканская повесть: или Удивительныя приключения и опасныя путешествия двух любовников, кои, по преодолении всех противностей злобствующаго рока, наконец достигли желаннаго предмета |
| Первые сведения об ответственности |
Перевел с французскаго К.К.Рембовский |
| 210 ## - ПУБЛИКАЦИЯ, РАСПРОСТРАНЕНИЕ И ДР. |
| Место издания, распространения и т.д. |
М. |
| Имя издателя, распространителя и т. д. |
Тип. при Театре, у Хр. Клаудия |
| Дата издания, распространения и т.д. |
1787 |
| 215 ## - ФИЗИЧЕСКАЯ ХАРАКТЕРИСТИКА |
| Специфическое обозначение материала и объем |
[2], 168 с. |
| Размеры |
8° |
| 305 ## - ПРИМЕЧАНИЯ О ДАТЕ ОСНОВАНИЯ ИЗДАНИЯ |
| Текст примечания |
Пер. вольного переложения "Эфиопики" Гелиодора |
| 305 ## - ПРИМЕЧАНИЯ О ДАТЕ ОСНОВАНИЯ ИЗДАНИЯ |
| Текст примечания |
Пер. кн.: Les amours de Theagenes et de Chariclées. Traduction libre, faites sur le Grec d'Heliodore. - Triomphe de la raison. Par Monsieur Maulnourry de la Bastille. (Amsterdam, 1716) |
| 305 ## - ПРИМЕЧАНИЯ О ДАТЕ ОСНОВАНИЯ ИЗДАНИЯ |
| Текст примечания |
В рус. пер. изменено имя героини и произведены небольшие сокращения |
| 321 1# - ПРИМЕЧАНИЯ ОБ ОТДЕЛЬНО ИЗДАННЫХ УКАЗАТЕЛЯХ / РЕФЕРАТАХ / ССЫЛКАХ, ОТРАЖАЮЩИХ КАТАЛОГИЗИРУЕМЫЙ ДОКУМЕНТ |
| Примечания об указателях, рефератах, ссылках |
СК XVIII 7678 |
| 321 1# - ПРИМЕЧАНИЯ ОБ ОТДЕЛЬНО ИЗДАННЫХ УКАЗАТЕЛЯХ / РЕФЕРАТАХ / ССЫЛКАХ, ОТРАЖАЮЩИХ КАТАЛОГИЗИРУЕМЫЙ ДОКУМЕНТ |
| Примечания об указателях, рефератах, ссылках |
СК XVIII. Доп. С.124 |
| 517 1# - ДРУГИЕ ВАРИАНТЫ ЗАГЛАВИЯ |
| Вариант заглавия |
Удивительныя приключения и опасныя путешествия двух любовников, кои, по преодолении всех противностей злобствующаго рока, наконец достигли желаннаго предмета |
| 518 1# - ЗАГЛАВИЕ В СТАНДАРТНОМ СОВРЕМЕННОМ ПРАВОПИСАНИИ |
| Основное заглавие, вариант заглавия или унифицированное заглавие |
Удивительные приключения и опасные путешествия двух любовников, кои, по преодолении всех противностей злобствующаго рока, наконец достигли желаннаго предмета |
| 620 ## - МЕСТО И ДАТА ПУБЛИКАЦИИ, ИСПОЛНЕНИЯ И Т. Д. |
| Город |
Москва |
| 702 #1 - ИМЯ ЛИЦА - ВТОРИЧНАЯ ОТВЕТСТВЕННОСТЬ |
| Связь между полями |
z01790 |
| Начальный элемент ввода |
Рембовский |
| Часть имени, кроме начального элемента ввода |
К. |
| Расширение инициалов личного имени |
Карл |
| Код отношения |
Переводчик |
| 702 #1 - ИМЯ ЛИЦА - ВТОРИЧНАЯ ОТВЕТСТВЕННОСТЬ |
| Начальный элемент ввода |
Клаудий |
| Часть имени, кроме начального элемента ввода |
Х.А. |
| Даты |
-1805 |
| Расширение инициалов личного имени |
Христофор Александрович |
| Код отношения |
Печатник (типограф) |
| 712 00 - НАИМЕНОВАНИЕ ОРГАНИЗАЦИИ - ВТОРИЧНАЯ ОТВЕТСТВЕННОСТЬ |
| Начальный элемент ввода |
Клаудий |
| Инверсированный элемент |
Х.А. |
| Часть наименования, отличная от начального элемента ввода и от инверсированного элемента |
Типография при Театре |
| Идентифицирующий признак |
Москва |
| Код отношения |
Печатник (типограф) |
| 790 #1 - ИМЯ ЛИЦА - АЛЬТЕРНАТИВНАЯ ФОРМА |
| Связь между полями |
z01702 |
| Начальный элемент ввода |
Рембовский |
| Часть имени, кроме начального элемента ввода |
К.К. |
| 801 #0 - ИСТОЧНИК ЗАПИСИ |
| Страна |
Российская Федерация |
| Организация |
NLR |
| Дата составления |
19990908 |
| 852 ## - МЕСТОНАХОЖДЕНИЕ И ШИФР ХРАНЕНИЯ |
| Идентификатор организации |
NLR |
| Шифр хранения (Call Number) |
138/591 |
| 852 ## - МЕСТОНАХОЖДЕНИЕ И ШИФР ХРАНЕНИЯ |
| Идентификатор организации |
NLR |
| Шифр хранения (Call Number) |
18.263.4.31 |
| 899 ## - ДАННЫЕ О МЕСТОНАХОЖДЕНИИ (устаревшее) |
| Местонахождение |
ВГБИЛ |
| 899 ## - ДАННЫЕ О МЕСТОНАХОЖДЕНИИ (устаревшее) |
| Местонахождение |
РГБ |
| 899 ## - ДАННЫЕ О МЕСТОНАХОЖДЕНИИ (устаревшее) |
| Местонахождение |
БАН |
| 899 ## - ДАННЫЕ О МЕСТОНАХОЖДЕНИИ (устаревшее) |
| Местонахождение |
ГПИБ |
| 942 ## - ДОПОЛНИТЕЛЬНЫЕ ЭЛЕМЕНТЫ ЗАПИСИ (АБИС) |
| Тип экземпляра АБИС |
Книга |
| 980 ## - КОЛЛЕКЦИЯ |
| Название коллекции |
Национальная библиография |
| 980 ## - КОЛЛЕКЦИЯ |
| Название коллекции |
Русская книга гражданской печати XVIII в. в библиотеках РФ |